00000000nam 2200000za 4500
0019.851020
003CaOODSP
00520221107154308
007cr |||||||||||
008180201s2017    onc     ob   f000 0 fre d
040 |aCaOODSP|bfre
043 |an-cn---
0861 |aJ4-46/2017F-PDF
24503|aLa lumière sur l’arrêt Gladue |h[ressource électronique] : |bdéfis, expériences et possibilités dans le système de justice pénale canadien / |cDivision de la recherche et de la statistique, Ministère de la Justice du Canada.
260 |a[Ottawa] : |bMinistère de la justice Canada, |c2017.
300 |a67 p.
500 |aPubl. aussi en anglais sous le titre : Spotlight on Gladue: challenges, experiences, and possibilities in Canada’s criminal justice system.
500 |aTitre de la couv.
500 |a« Septembre 2017. »
504 |aComprend des références bibliographiques.
520 |a« Étant donné les conséquences des arrêts Gladue et Ipeelee sur le système de justice pénale canadien, la présente étude a été élaborée afin de répondre aux objectifs suivants : donner un aperçu statistique de la surreprésentation des Autochtones dans le système correctionnel canadien, présenter sommairement les réformes législatives qui ont précédé l’adoption de l’alinéa 718.2e) et donner un aperçu de l’interprétation de la Cour des arrêts Gladue et Ipeelee; analyser les principaux défis soulevés dans la littérature concernant la mise en application de l’alinéa 718.2e) et des arrêts Gladue et Ipeelee lors de la détermination de la peine des Autochtones; décrire les initiatives juridiques et les programmes, mis en place conformément aux principes de l’alinéa 718.2e) dans les diverses provinces et territoires du Canada; recenser les études portant sur les expériences des membres du système de justice et des accusés autochtones qui participent aux initiatives du système de justice pour les Autochtones » -- Objectifs, p. 6.
69207|2gccst|aAutochtones
69207|2gccst|aJustice pénale
7101 |aCanada. |bMinistère de la justice. |bDivision de la recherche et de la statistique.
77508|tSpotlight on Gladue |w(CaOODSP)9.851019
85640|qPDF|s473 Ko|uhttps://publications.gc.ca/collections/collection_2018/jus/J4-46-2017-fra.pdf